00553nam a22001692 4500001001100000005001700011008004100028020002700069040001500096100002800111245008600139260002600225300001500251650003300266650004000299650004400339000000883520151217152042.0080611s xx 000 0 eng d a9221094456 :cKES 1065 aKABUcKABU1 aToye, John.@000015961110aStructural adjustment & employement policy :bissues and experience /cJohn Toye. aGeneva :bILO,c1995. aix, 88 p. 0aManpower policy.@0000159612 0aManpower policyzChile.@0000159613 0aManpower policyzIndonesia.@0000159614